Statistics for Quiz about Italy

Click here to take the quiz!

General Stats

  • This quiz has been taken 29 times
  • The average score is 10 of 15

Answer Stats

HintAnswer% Correct
CapitalRome
100%
CurrencyEuro
96%
Home of the PopeVatican City
96%
In Northern Italy, with no roads, just canalsVenice
93%
The highest peak in this mountain range is Mt. BlancAlps
89%
Fashion capital of ItalyMilan
89%
Largest islandSicily
89%
Body of water separating Italy and the BalkansAdriatic sea
82%
Second largest islandSardinia
82%
Where Napoleon was exiledElba
79%
In October, 1935, Italy invaded this African countryEthiopia
71%
Region where the above is locatedTuscany
32%
Mountain range, extending across the entire Italian peninsulaApennines
29%
Longest riverPo river
14%
It is the Worlds largest standing amphitheatreRoman Colosseum
0%

Score Distribution

Percentile by Number Answered

Percent of People with Each Score

Your Score History

You have not taken this quiz